000 00878nas a2200313 4500
001 BR9802793
003 BR-BrBNA
005 20231205100754.0
007 ta
008 230509b bl.|||p| |||| 00| 00por d
040 _aBR-BrBNA
_bpor
_cBiblioteca Nacional de Agricultura
041 _a(Pt)
072 _aH60
100 1 _aGazziero, D.I.P.
100 1 _aKaran, D.
100 1 _aVoll, E.
100 1 _aUlbrich, A.
245 1 _aPersistencia dos herbicidas imazaquin e imazethapyr no solo e os efeitos sobre plantas de milho e pepino
650 _aMilho
650 _aPepino
650 _aFitotoxicidade
650 _aHerbicida
650 _aAbsorcao
650 _aSolo
650 _aPARANÁ
773 0 _tPlanta Daninha (Brazil)
_xISSN 0100-8358
_g(1997), v. 15(2) p. 162-169
_wBR9802793
909 _a202311
_bLúcia
_c55
_dLúcia Elande
942 _2AGRIS
_n0
_cANA
999 _c157979
_d157979